| 000 | 00672pam a2200205 a 4500 | ||
|---|---|---|---|
| 020 | _a0021787239 | ||
| 040 | _cDLC | ||
| 082 | 0 | 0 | _a372 ARN 1991 C342 Or. |
| 100 | _aArnold, Virginia A.; Smith, Carl Bernard | ||
| 245 | 0 | 0 | _a Tapestries. |
| 260 |
_aBloomington, IN : _bERIC Clearinghouse on Reading and Communication Skills : _bPhi Delta Kappa, _c1991. |
||
| 300 |
_axiii, 300 p. : _bill. ; _c23 cm. |
||
| 650 | 0 | _aLanguage arts | |
| 650 | 0 | _aLanguage arts | |
| 650 | 0 | _aLanguage experience approach in education | |
| 700 | 1 | _aSmith, Carl Bernard. | |
| 710 | 2 | _aPhi Delta Kappa. | |
| 710 | 2 | _aERIC Clearinghouse on Reading and Communication Skills. | |
| 942 | _cAEDBB | ||
| 999 |
_c22532 _d22532 |
||